书目信息 |
| 题名: |
黑白摄影暗室技术
|
|
| 作者: | 德莱茵哈德·迈尔茨 著 ;徐云凯 译 | |
| 分册: | ||
| 出版信息: | 沈阳 辽宁科学技术出版社 2003 |
|
| 页数: | 90页 | |
| 开本: | 26cm | |
| 丛书名: | ||
| 单 册: | ||
| 中图分类: | TB88 | |
| 科图分类: | ||
| 主题词: | 摄影--洗印--技术 | |
| 电子资源: | ||
| ISBN: | 7-5381-3762-9 | |
| 000 | 00646nam0 2200193 450 | |
| 001 | 0735592734 | |
| 005 | 20070906095312.73 | |
| 010 | @a7-5381-3762-9@d¥38.00 | |
| 100 | @a20070906d km y0chiy0120 ea | |
| 101 | 0 | @achi |
| 200 | 1 | @a黑白摄影暗室技术@Ahei bai she ying an shi ji shu@f[德]莱茵哈德.迈尔茨著@F[de]lai yin ha de.mai er ci zhu@g徐云凯译@Gxu yun kai yi |
| 210 | @a沈阳@c辽宁科学技术出版社@d2003 | |
| 215 | @a90页@d26cm | |
| 606 | 0 | @a摄影@x洗印@x技术 |
| 690 | @aTB88@v3 | |
| 701 | 0 | @a德莱茵哈德·迈尔茨@Ade lai yin ha de·mai er ci@4著 |
| 702 | 0 | @a徐云凯@Axu yun kai@4译 |
| 801 | 0 | @aCN@bPFT@c20070906 |
| 905 | @a213230@dTB88@eP25@f1 | |
| 黑白摄影暗室技术/[德]莱茵哈德.迈尔茨著/徐云凯译.-沈阳:辽宁科学技术出版社,2003 |
| 90页;26cm |
| ISBN 7-5381-3762-9:¥38.00 |
| ● |
| 相关链接 |
|
|
|
|
正题名:黑白摄影暗室技术
索取号:TB88/P25
 
预约/预借
| 序号 | 登录号 | 条形码 | 馆藏地/架位号 | 状态 | 备注 |
| 1 | 6400629 | 264006293 | 密集书库-美术系/ [索取号:TB88/P25] | 在馆 | |
| 2 | 7201281 | 272012813 | 密集书库-物理学院/ [索取号:TB88/P25] | 在馆 |